| 000 | 00518nam a2200193Ia 4500 | ||
|---|---|---|---|
| 005 | 20260429112053.0 | ||
| 008 | 260429s9999||||xx |||||||||||||| ||und|| | ||
| 020 | _a9781835351086 | ||
| 041 | _aEnglish | ||
| 082 |
_a612.7 _bNIC |
||
| 100 | _aNicholas, F.W. | ||
| 245 | 0 |
_aSports and exercise : _brecent physiology / _cF.W. Nicholas |
|
| 250 | _a1st ed. | ||
| 260 |
_aLondon : _bETP ED- Tech Press, _c2025. |
||
| 300 | _a300 p.; hb | ||
| 650 | _a Sports science | ||
| 650 | _aExercise physiology | ||
| 942 | _cTB | ||
| 999 |
_c52191 _d52191 |
||